| 000 | 00491nam a22001697a 4500 | ||
|---|---|---|---|
| 005 | 20251127172032.0 | ||
| 008 | 251124b |||||||| |||| 00| 0 eng d | ||
| 020 | _a978-93-91208-06-6 | ||
| 041 | _aeng | ||
| 082 | _a615.78 KUM-P | ||
| 100 |
_aKUMAR, DR. RAJEEV AND KHADE, DR. AMOL B. _98791 |
||
| 245 | _aPHARMACEUTICAL CHEMISTRY-I : FOR 1ST YEAR D. PHARMA STUDENTS [AS PER PCI SYLLABUS | ||
| 250 | _aRE PRINT ED. 2025 | ||
| 300 | _a204;P | ||
| 650 |
_aPHARMACY _xB.PHARMA |
||
| 942 | _cBK | ||
| 999 |
_c8968 _d8966 |
||